| 000 | 00447nam a2200181Ia 4500 | ||
|---|---|---|---|
| 001 | 10574 | ||
| 005 | 20260306161842.0 | ||
| 008 | 260306t1980||||xx |||||||||||||| ||spa|| | ||
| 041 | _aESP | ||
| 082 |
_a940.52 _bG43 |
||
| 100 |
_aGibson, Ian _eAUT |
||
| 245 | 0 |
_aEn busca de José Antonio: _bpremio Espejo de España 1980 |
|
| 260 | _c1980 | ||
| 300 |
_a334 páginas : _c25 cm. |
||
| 650 | _aGEN | ||
| 654 | _aCHU | ||
| 942 |
_cLIB _dJUS _fJUS _2ddc _n |
||
| 999 |
_c10574 _d10574 |
||